| 000 | 00446nam a22001457a 4500 | ||
|---|---|---|---|
| 008 | 220822b |||||||| |||| 00| 0 eng d | ||
| 020 | _a0801039645 | ||
| 050 |
_aBS2330.3 _b.E59 2012 C.1 |
||
| 100 | _aElwell,Walter A. | ||
| 245 |
_aEncountering the new testament/ _bA historical and theological survey _cWalter A. Elwell |
||
| 300 |
_axvi,430p. _bill. |
||
| 650 |
_aBible. N.T. _vIntroduction |
||
| 700 | _aYarbrough, Robert W. | ||
| 942 |
_2lcc _cBK |
||
| 999 |
_c19440 _d19439 |
||